Growing Cities in Louisiana - Statistics

General Stats
  • This quiz has been taken 19 times
  • The average score is 2 of 5
Answer Stats
Population Population Gained City % Correct
383,997 40,169 New Orleans
100%
84,872 12,497 Lake Charles
47%
19,316 4,176 Zachary
7%
13,417 5,025 Broussard
0%
15,929 7,623 Youngsville
0%
No matching quizzes found
Score Distribution
Percent of People with Each Score
Percentile by Number Answered
Your Score History
You have not taken this quiz